LIBRARY & INFORMATION CENTRE, KCAET, TAVANUR

ONLINE PUBLIC ACCESS CATALOGUE (OPAC)

Estimation of soil moisture indices using diffuse reflectance spectroscopy (Record no. 15725)

MARC details
000 -LEADER
fixed length control field 00397nam a22001337a 4500
003 - CONTROL NUMBER IDENTIFIER
control field OSt
082 ## - DEWEY DECIMAL CLASSIFICATION NUMBER
Classification number 631.587
Item number SAR/ES
088 ## - REPORT NUMBER
Report number T 454
100 ## - MAIN ENTRY--AUTHOR NAME
Personal name Sarathjith M C
245 ## - TITLE STATEMENT
Title Estimation of soil moisture indices using diffuse reflectance spectroscopy
260 ## - PUBLICATION, DISTRIBUTION, ETC. (IMPRINT)
Place of publication Tavanur
Name of publisher Department of Irrigation and Drainage Engineering
Year of publication 2019
700 ## - ADDED ENTRY--PERSONAL NAME
Personal name Anu Varghese (Guide)
942 ## - ADDED ENTRY ELEMENTS (KOHA)
Koha item type Theses
Holdings
Collection code Home library Current library Shelving location Full call number Accession Number Koha item type Public note
Reference KAUAET KAUAET Reference 631.587 SAR/ES T 454 Theses M.Tech Thesis
free website counter